Statističeskaja teorija raspoznavanija obrazov /

Gespeichert in:
Bibliographische Detailangaben
1. Verfasser: Fomin, Jaroslav Aleksejevič (Verfasst von)
Format: Buch
Sprache:Russisch
Veröffentlicht: Moskva : Radio i svjaz, 1986
Ausgabe:1.vyd.
Tags: Tag hinzufügen
Keine Tags, Fügen Sie das erste Tag hinzu!

MARC

LEADER 00000nam a22000003a 4500
001 stu7582
005 20150617225806.1
008 950331s1986----xxr-----------------rus-d
040 |a STU  |b slo 
041 0 |a rus 
044 |a xxr 
080 |a 681.327.8 
080 |a 621.391.8 
080 |a 519.248 
100 1 |a Fomin, Jaroslav Aleksejevič  |4 aut 
245 1 |a Statističeskaja teorija raspoznavanija obrazov /  |c [aut.] Fomin,Ja.A 
250 |a 1.vyd. 
260 |a Moskva :  |b Radio i svjaz,  |c 1986 
300 |a 263 s 
996 |b E61735  |c E*61735  |l EE03  |s P  |a 0  |w stu7582_0001 
996 |c I*13UI3417  |l I  |s A  |a 24  |w stu7582_0002 
996 |b E63616  |c E*63616  |l EI680  |s P  |a 0  |w stu7582_0003